[Event "SVR-ch Seniors"]
[Site "Koblenz"]
[Date "2003.04.13"]
[Round "3"]
[White "Wehlend, Ruediger"]
[Black "Denda, Ronald"]
[Result "0-1"]
[WhiteElo "1252"]
[BlackElo "1921"]
[PlyCount "62"]
[EventDate "2003.04.11"]
[EventType "tourn"]
[EventRounds "7"]
[EventCountry "GER"]
[SourceTitle "EXT 2004"]
[Source "ChessBase"]
[SourceDate "2003.11.25"]
[SourceVersion "1"]
[SourceVersionDate "2003.11.25"]
[SourceQuality "1"]

1. c4 g6 2. Nf3 Bg7 3. d4 Nf6 4. Nc3 d5 5. e3 0-0 6. Bd3 c6 7. Qc2 Nbd7 8. Bd2 Re8 9. 0-0-0 e5 10. Ng5 e4 11. Be2 Nf8 12. h4 Ng4 13. Rdf1 h6 14. Nh3 h5 15. f3 exf3 16. Rxf3 Bf5 17. Rxf5 gxf5 18. Qxf5 Nxe3 19. Qxh5 Nxc4 20. Bd3 Nxd2 21. Ng5 Qf6 22. Kxd2 Re7 23. Rf1 Qh6 24. Qg4 f6 25. Re1 Rxe1 26. Kxe1 fxg5 27. hxg5 Qe6+ 28. Qxe6+ Nxe6 29. g6 Bxd4 30. Na4 Nf4 31. Kd2 Nxg2 0-1